Sonnets

Gorde:
Xehetasun bibliografikoak
Egile nagusia: Shakespeare, William
Formatua: Liburua
Hizkuntza:Undetermined
Argitaratua: New York, Estados Unidos Peter Pauper Press [s.f.]
Gaiak:
Etiketak: Etiketa erantsi
Etiketarik gabe, Izan zaitez lehena erregistro honi etiketa jartzen!

MARC

LEADER 00000nam a2200000Ia 4500
008 170316s9999 xx 000 0 und d
040 |a cru BVZT 
090 |a 820 S-5sn 
100 |a Shakespeare, William 
245 |a Sonnets 
260 |a New York, Estados Unidos 
260 |b Peter Pauper Press 
260 |c [s.f.] 
300 |a s.páginas 
650 |a LITERATURA INGLESA 
999 |c 7182  |d 7182 
942 |c 15 D  |h 820 S-5sn  |2 z